<?xml version="1.0" encoding="UTF-8"?>
<collection xmlns="http://www.loc.gov/MARC21/slim">
 <record>
  <leader>01589nam a2200205Ia 4500</leader>
  <controlfield tag="001">TDMU_25111</controlfield>
  <controlfield tag="008">210410s9999    xx            000 0 und d</controlfield>
  <datafield tag="082" ind1=" " ind2=" ">
   <subfield code="a">401</subfield>
  </datafield>
  <datafield tag="090" ind1=" " ind2=" ">
   <subfield code="b">T207</subfield>
  </datafield>
  <datafield tag="100" ind1=" " ind2=" ">
   <subfield code="a">Teubert, Wolfgang</subfield>
  </datafield>
  <datafield tag="245" ind1=" " ind2="0">
   <subfield code="a">Meaning, discourse and society</subfield>
  </datafield>
  <datafield tag="245" ind1=" " ind2="0">
   <subfield code="c">Wolfgang Teubert</subfield>
  </datafield>
  <datafield tag="260" ind1=" " ind2=" ">
   <subfield code="a">New York</subfield>
  </datafield>
  <datafield tag="260" ind1=" " ind2=" ">
   <subfield code="b">Cambridge University</subfield>
  </datafield>
  <datafield tag="260" ind1=" " ind2=" ">
   <subfield code="c">2010</subfield>
  </datafield>
  <datafield tag="300" ind1=" " ind2=" ">
   <subfield code="a">viii, 291 p.</subfield>
  </datafield>
  <datafield tag="520" ind1=" " ind2=" ">
   <subfield code="a">Includes bibliographical references (p. 273-282) and index; Part I. Meaning, the Mind and the Brain: 1. The cognitive turn; 2. The long history of mind linguistics; 3. What do we know about mental concepts?; 4. Morphing theoretical semes into 'real' concepts; 5. From mental representations to conceptual ontologies; 6. What is meaning?; 7. Where should we look for meaning? -- Part II. Discourse and Society: 8. Language as discourse; 9. Society presupposes language, and language presupposes society; 10. A closer look at oral societies; 11. Differences between oral and literate societies; 12. Empirical linguistics deals only with recorded language; 13. Meaning, knowledge and the construction of reality; 14. The language of the scientific experimental report; 15. Diachronicity, intertextuality and hermeneutics; 16. Meaning and the interpretation of a haiku</subfield>
  </datafield>
  <datafield tag="650" ind1=" " ind2=" ">
   <subfield code="a">Meaning (Psychology); Discourse analysis; Sociolinguistics; Ý nghĩa (Tâm lý học); Phân tích ngôn từ; Ngôn ngữ học xã hội</subfield>
  </datafield>
  <datafield tag="856" ind1=" " ind2=" ">
   <subfield code="u">http://lrc.tdmu.edu.vn/opac/search/detail.asp?aID=2&amp;ID=25111</subfield>
  </datafield>
  <datafield tag="980" ind1=" " ind2=" ">
   <subfield code="a">Trung tâm Học liệu Trường Đại học Thủ Dầu Một</subfield>
  </datafield>
 </record>
</collection>
